150 suosituinta miesten nimeä alkukirjaimella L - Statistics

Yleistilastot
  • Tätä visaa on pelattu 80 kertaa
  • Keskiarvotulos 43 / 150
Vastaustilastot
% Oikein
Lauri
98%
Le
98%
Lee
98%
Lasse
88%
Lassi
88%
Leo
87%
Léo
87%
Leevi
85%
Lo
83%
Lari
81%
Li
81%
Luca
81%
Luka
81%
Luuka
81%
Lucas
79%
Lukas
79%
Luucas
79%
Luukas
79%
Lenni
77%
Lennie
77%
Lenny
77%
Lei
71%
Leon
71%
Léon
71%
León
71%
Leone
71%
Lev
63%
Ly
62%
Lars
60%
Lyly
60%
Lenna
52%
Lennard
52%
Lennart
52%
Leonard
52%
Leonhard
52%
Levi
50%
Lin
46%
Linh
46%
Leino
42%
Leonardo
42%
Lalli
40%
Launo
40%
Lou
40%
Louis
40%
Luc
40%
Luis
40%
Luiz
40%
Lio
38%
Lion
37%
Lyon
37%
Lionel
35%
Loui
35%
Louie
35%
Ludvig
35%
Ludwig
35%
Lam
33%
Leopold
33%
Lennu
31%
Leif
29%
Luke
29%
Larri
27%
Larry
27%
Laurent
27%
Lewis
27%
Liam
25%
Liinus
25%
Linus
25%
Laurentius
23%
Laurinpoika
23%
Lawrence
23%
Leonid
23%
Lare
21%
Lars-Erik
21%
Lemmi
21%
Lemmy
21%
Lex
21%
Lorentz
21%
Lorens
19%
Lorenz
19%
Leonel
17%
Lian
17%
Lumi
17%
Larsson
12%
Leonidas
12%
Lorenzo
12%
Lamin
10%
Lamine
10%
Leni
10%
Logan
10%
Lucian
10%
Lucien
10%
Lumo
10%
Leander
8%
Lenne
8%
Levin
8%
Levon
8%
Lloyd
8%
Loimu
8%
Leimu
6%
Lennon
6%
Leroy
6%
Liban
6%
Liibaan
6%
Liiban
6%
Lino
6%
Long
6%
Lucius
6%
Luigi
6%
Lance
4%
László
4%
Leslie
4%
Liang
4%
Liekki
4%
Lippo
4%
Loke
4%
Loki
4%
Love
4%
Lowe
4%
Luciano
4%
Lahja
2%
Lambert
2%
Lancelot
2%
Laurence
2%
Leandro
2%
Leijonamieli
2%
Lennox
2%
Lillebror
2%
Lincoln
2%
Lothar
2%
Luan
2%
Lucio
2%
Laith
0%
Lajos
0%
Latif
0%
Layth
0%
Leart
0%
Ledion
0%
Leith
0%
Levent
0%
Levente
0%
Lias
0%
Liius
0%
Lior
0%
Loran
0%
Lorik
0%
Loris
0%
Lotfi
0%
Lukman
0%
Lulzim
0%
Luqman
0%
Ehtoja vastaavia visoja ei löytynyt
Tulosjakauma
Jokaisen tuloksen saaneiden osuus
Persentiili vastausten määrän mukaan
Tuloshistoriasi
Et ole pelannut tätä visaa